[Event "Tatarstan-ch op"]
[Site "Kazan"]
[Date "2012.09.11"]
[Round "9"]
[White "Safin, Ravgat"]
[Black "Pirmamedov, Roman"]
[Result "1-0"]
[WhiteElo "1963"]
[BlackElo "1806"]
[PlyCount "91"]
[EventDate "2012.09.03"]
[EventType "swiss"]
[EventRounds "9"]
[EventCountry "RUS"]
[SourceTitle "CBM 150 Extra"]
[Source "ChessBase"]
[SourceDate "2012.10.19"]
[SourceVersion "1"]
[SourceVersionDate "2012.10.19"]
[SourceQuality "1"]

1. d4 Nf6 2. c4 c6 3. Nc3 d6 4. Nf3 g6 5. g3 Bg7 6. Bg2 0-0 7. 0-0 Qa5 8. e4 Qh5 9. Ng5 h6 10. Qxh5 Nxh5 11. Nf3 Bg4 12. Be3 e5 13. Rad1 Na6 14. h3 Be6 15. b3 Rad8 16. d5 cxd5 17. cxd5 Bd7 18. Bxa7 Rc8 19. Nb1 f5 20. Nfd2 Nf6 21. f3 b5 22. Rc1 g5 23. a3 Nh5 24. Bf2 Nc5 25. Bxc5 dxc5 26. Kh2 f4 27. g4 Ng3 28. Rfe1 h5 29. Nf1 h4 30. Nxg3 hxg3+ 31. Kg1 c4 32. bxc4 bxc4 33. Rc3 Rc7 34. Rec1 Rfc8 35. Bf1 Bb5 36. a4 Ba6 37. Na3 Bf8 38. Nb5 Bxb5 39. axb5 Bc5+ 40. Kg2 Rb7 41. Rxc4 Rxb5 42. R4c2 Ra5 43. d6 Rd8 44. Rxc5 Ra2+ 45. R1c2 Rxc2+ 46. Rxc2 1-0

[Event "Tatarstan-ch op"]
[Site "Kazan"]
[Date "2012.09.09"]
[Round "7"]
[White "Bulatov, Gali"]
[Black "Safin, Ravgat"]
[Result "0-1"]
[WhiteElo "1979"]
[BlackElo "1963"]
[PlyCount "48"]
[EventDate "2012.09.03"]
[EventType "swiss"]
[EventRounds "9"]
[EventCountry "RUS"]
[SourceTitle "CBM 150 Extra"]
[Source "ChessBase"]
[SourceDate "2012.10.19"]
[SourceVersion "1"]
[SourceVersionDate "2012.10.19"]
[SourceQuality "1"]

1. Nf3 Nf6 2. g3 g6 3. b3 Bg7 4. Bb2 c6 5. Bg2 0-0 6. 0-0 d5 7. d3 Bg4 8. Nbd2 Qc8 9. Re1 Re8 10. e4 Nxe4 11. Bxg7 Nxd2 12. Bh6 Nxf3+ 13. Bxf3 Bxf3 14. Qxf3 Qf5 15. Qxf5 gxf5 16. c4 f6 17. Re6 Kf7 18. Rae1 Nd7 19. d4 dxc4 20. bxc4 Ne5 21. d5 cxd5 22. R6xe5 fxe5 23. cxd5 Kf6 24. h4 e4 0-1

[Event "Tatarstan-ch op"]
[Site "Kazan"]
[Date "2012.09.07"]
[Round "5"]
[White "Bairamov, Ferdinant"]
[Black "Safin, Ravgat"]
[Result "0-1"]
[WhiteElo "1962"]
[BlackElo "1963"]
[PlyCount "138"]
[EventDate "2012.09.03"]
[EventType "swiss"]
[EventRounds "9"]
[EventCountry "RUS"]
[SourceTitle "CBM 150 Extra"]
[Source "ChessBase"]
[SourceDate "2012.10.19"]
[SourceVersion "1"]
[SourceVersionDate "2012.10.19"]
[SourceQuality "1"]

1. e4 e6 2. Nf3 b6 3. d4 d5 4. e5 Qd7 5. Nc3 Ba6 6. Bd3 Ne7 7. 0-0 c5 8. b3 Bxd3 9. cxd3 Nbc6 10. Be3 cxd4 11. Bxd4 Nf5 12. Ne2 Ba3 13. Rb1 0-0 14. Ba1 Rac8 15. Qd2 a5 16. Rbd1 Rc7 17. Nc3 Nb4 18. d4 Rfc8 19. h3 Na6 20. g4 Ne7 21. Qd3 Nb4 22. Qb5 Nc2 23. Qxd7 Rxd7 24. Nb5 Bb4 25. Bb2 Ng6 26. Rc1 Nf4 27. Kh2 Nd3 28. Rb1 Nxb2 29. Rxb2 Na3 30. Nxa3 Bxa3 31. Re2 Rdc7 32. Kg2 Kf8 33. Ne1 Ke7 34. f4 Rc3 35. Rff2 Kd7 36. f5 Be7 37. fxe6+ Kxe6 38. Rf1 R8c7 39. Rf3 b5 40. Rxc3 Rxc3 41. Nf3 g5 42. Rf2 h6 43. Nh2 Bd8 44. Nf1 b4 45. Ng3 Be7 46. Nf5 Bf8 47. Ng3 Rc1 48. Rf6+ Ke7 49. Nf5+ Ke8 50. Ne3 Rc3 51. Kf2 Rd3 52. Nxd5 Rxd4 53. Nc7+ Ke7 54. Ke3 Rd1 55. Ra6 Kd7 56. Na8 Kc8 57. Rxa5 Kb7 58. Kf2 Rd8 59. Kf3 Rxa8 60. Rxa8 Kxa8 61. Ke4 Kb7 62. Kd5 Kc7 63. e6 f6 64. Ke4 Kd6 65. Kf5 Ke7 66. Kg6 Kxe6 67. Kh5 Kf7 68. h4 Bg7 69. hxg5 hxg5 0-1

[Event "Tatarstan-ch op"]
[Site "Kazan"]
[Date "2012.09.05"]
[Round "3"]
[White "Kurninov, Andrei"]
[Black "Safin, Ravgat"]
[Result "0-1"]
[WhiteElo "1704"]
[BlackElo "1963"]
[PlyCount "102"]
[EventDate "2012.09.03"]
[EventType "swiss"]
[EventRounds "9"]
[EventCountry "RUS"]
[SourceTitle "CBM 150 Extra"]
[Source "ChessBase"]
[SourceDate "2012.10.19"]
[SourceVersion "1"]
[SourceVersionDate "2012.10.19"]
[SourceQuality "1"]

1. e4 e6 2. d4 d5 3. exd5 exd5 4. Bd3 Bd6 5. Qf3 Ne7 6. Bf4 0-0 7. Ne2 Bxf4 8. Qxf4 Ng6 9. Qg3 b6 10. f3 Ba6 11. Bxa6 Nxa6 12. Kf2 Nb4 13. Na3 Re8 14. Rhe1 Qf6 15. Qg4 Re4 16. Qd7 Re7 17. Qb5 a5 18. c3 c6 19. Qxb6 Nd3+ 20. Kf1 Qh4 21. Ng3 Rxe1+ 22. Rxe1 Nxe1 23. Kxe1 Qxh2 24. Nf1 Re8+ 25. Kf2 Qh4+ 26. Kg1 Nf4 27. g3 Nh3+ 28. Kh1 Qh6 29. Qa6 Ng5+ 30. Kg2 Qh3+ 31. Kf2 Qe6 32. Nc2 Nxf3 33. Nfe3 Ng5 34. Qe2 Qh3 35. Qg4 Qh2+ 36. Ng2 h6 37. Nce3 Ne4+ 38. Kf3 h5 39. Qf4 Re6 40. Nf5 Rf6 41. g4 Qxf4+ 42. Nxf4 hxg4+ 43. Kxg4 g6 44. Ne7+ Kf8 45. Nc8 Ke8 46. Nb6 Nf2+ 47. Kg3 g5 48. Nh5 Ne4+ 49. Kg4 Rf2 50. Na4 f5+ 51. Kh3 g4+ 0-1

[Event "Tatarstan-ch op"]
[Site "Kazan"]
[Date "2012.09.03"]
[Round "1"]
[White "Shuvatkin, Vladimir N"]
[Black "Safin, Ravgat"]
[Result "1-0"]
[WhiteElo "2243"]
[BlackElo "1963"]
[PlyCount "92"]
[EventDate "2012.09.03"]
[EventType "swiss"]
[EventRounds "9"]
[EventCountry "RUS"]
[SourceTitle "CBM 150 Extra"]
[Source "ChessBase"]
[SourceDate "2012.10.19"]
[SourceVersion "1"]
[SourceVersionDate "2012.10.19"]
[SourceQuality "1"]

1. d4 Nf6 2. c4 d6 3. Nf3 g6 4. Bf4 Bg7 5. h3 0-0 6. e3 c5 7. Be2 Nc6 8. Nc3 Qb6 9. Qd2 Nh5 10. Nd5 Qd8 11. Bh2 e6 12. Nc3 cxd4 13. Nxd4 Nxd4 14. Bxh5 gxh5 15. exd4 a6 16. 0-0 d5 17. c5 Bd7 18. Rfe1 Qh4 19. Rad1 f6 20. Bf4 Rfe8 21. Kh2 e5 22. dxe5 fxe5 23. Bg3 Qb4 24. Nxd5 Qxc5 25. Nf6+ Bxf6 26. Qxd7 Qe7 27. Re4 Kh8 28. Qf5 h4 29. Rd7 hxg3+ 30. fxg3 Bg7 31. Rxe7 Rxe7 32. Rh4 h6 33. Rc4 Rae8 34. Qe4 Rd8 35. Rb4 Rdd7 36. a4 a5 37. Rc4 Rc7 38. Rxc7 Rxc7 39. Qd5 Kh7 40. Qxa5 Rc4 41. Qb5 Rd4 42. a5 e4 43. Qxb7 Ra4 44. a6 e3 45. Qb3 Ra1 46. Qxe3 Bxb2 1-0

[Event "Tatarstan-ch"]
[Site "Kazan"]
[Date "2011.12.21"]
[Round "9.29"]
[White "Shaydullina, Sandugach"]
[Black "Safin, Ravgat"]
[Result "0-1"]
[WhiteElo "2215"]
[BlackElo "1986"]
[PlyCount "21"]
[EventDate "2011.12.13"]
[EventType "swiss"]
[EventRounds "9"]
[EventCountry "RUS"]
[SourceTitle "EXT 2022"]
[Source "ChessBase"]
[SourceDate "2021.10.06"]
[SourceVersion "1"]
[SourceVersionDate "2021.10.06"]
[SourceQuality "1"]

1. e4 e6 2. d4 d5 3. e5 c5 4. c3 b6 5. f4 Qd7 6. Nf3 Ba6 7. Bxa6 Nxa6 8. 0-0 Ne7 9. Na3 Nc6 10. Nc2 g6 11. Ne3 0-1

[Event "Tatarstan-ch"]
[Site "Kazan"]
[Date "2011.12.15"]
[Round "4.10"]
[White "Mirzanurov, Bulat"]
[Black "Safin, Ravgat"]
[Result "1-0"]
[WhiteElo "2236"]
[BlackElo "1986"]
[PlyCount "86"]
[EventDate "2011.12.13"]
[EventType "swiss"]
[EventRounds "9"]
[EventCountry "RUS"]
[SourceTitle "EXT 2022"]
[Source "ChessBase"]
[SourceDate "2021.10.06"]
[SourceVersion "1"]
[SourceVersionDate "2021.10.06"]
[SourceQuality "1"]

1. Nf3 Nf6 2. c4 g6 3. d4 Bg7 4. Nc3 0-0 5. e4 d6 6. Be2 e5 7. 0-0 Nc6 8. d5 Ne7 9. Nd2 Ne8 10. b4 f5 11. a4 f4 12. Bg4 Rf6 13. Bxc8 Rxc8 14. c5 g5 15. f3 h5 16. Nc4 Rg6 17. Ba3 Kh7 18. b5 g4 19. Kh1 Kh6 20. Qe2 Ng8 21. Rac1 g3 22. h3 Ngf6 23. Qd3 Nh7 24. Ne2 Bf8 25. cxd6 cxd6 26. Rc2 Rg7 27. Rfc1 Rgc7 28. Qd2 Qg5 29. Rc3 Kg6 30. R1c2 Be7 31. Qc1 Qf6 32. a5 Kg7 33. b6 axb6 34. axb6 Rc5 35. Bxc5 dxc5 36. Qa1 Rd8 37. Ra3 Bd6 38. Ra8 Bb8 39. Rca2 Ng5 40. Rxb8 Rxb8 41. Qxe5 Qxe5 42. Nxe5 Nd6 43. Nxf4 h4 1-0

[Event "Kazan op"]
[Site "Kazan"]
[Date "2010.11.25"]
[Round "4"]
[White "Safin, Ravgat"]
[Black "Rukshin, Sergey"]
[Result "0-1"]
[WhiteElo "1991"]
[BlackElo "2079"]
[PlyCount "80"]
[EventDate "2010.11.22"]
[EventType "swiss"]
[EventRounds "9"]
[EventCountry "RUS"]
[SourceTitle "CBM 139 Extra"]
[Source "ChessBase"]
[SourceDate "2011.01.05"]
[SourceVersion "1"]
[SourceVersionDate "2011.01.05"]
[SourceQuality "1"]

1. d4 Nf6 2. c4 e6 3. Nc3 Bb4 4. e3 0-0 5. Nge2 d5 6. a3 Be7 7. Ng3 b6 8. cxd5 exd5 9. b4 Be6 10. Bd3 g6 11. 0-0 c5 12. b5 Ne8 13. Bb2 cxd4 14. exd4 Nd7 15. a4 Nd6 16. Ba3 Rc8 17. Rc1 Nc4 18. Bxe7 Qxe7 19. Qb3 Nd2 20. Qb2 Nxf1 21. Bxf1 Qh4 22. Nge2 Rc4 23. g3 Qd8 24. Qd2 Nf6 25. Nf4 Rc8 26. Re1 Qc7 27. Rxe6 fxe6 28. Nce2 Qd6 29. Bh3 Rce8 30. f3 e5 31. dxe5 Qxe5 32. Kf1 g5 33. Nd3 Qe3 34. Ke1 Qg1+ 35. Bf1 Qe3 36. Nb4 d4 37. Nc2 Qxf3 38. Ncxd4 Qxf1+ 39. Kxf1 Ne4+ 40. Ke1 Nxd2 0-1

[Event "Nezhmetdinov Memorial 32nd"]
[Site "Kazan"]
[Date "2010.06.07"]
[Round "8"]
[White "Ulanov, Alexandr"]
[Black "Safin, Ravgat"]
[Result "1-0"]
[WhiteElo "2364"]
[BlackElo "2000"]
[PlyCount "37"]
[EventDate "2010.05.31"]
[EventType "swiss"]
[EventRounds "9"]
[EventCountry "RUS"]
[SourceTitle "CBM 136 Extra"]
[Source "ChessBase"]
[SourceDate "2010.07.02"]
[SourceVersion "2"]
[SourceVersionDate "2010.07.15"]
[SourceQuality "1"]

1. d4 Nf6 2. Nf3 g6 3. c4 Bg7 4. g3 d6 5. Bg2 0-0 6. 0-0 c6 7. Nc3 Bg4 8. h3 Bd7 9. e4 Qc8 10. Kh2 e5 11. dxe5 dxe5 12. Nxe5 Nxe4 13. Nxe4 Bxe5 14. Bh6 Bg7 15. Bxg7 Kxg7 16. Qd4+ f6 17. Rfe1 Be6 18. Rad1 Qd7 19. Nc5 1-0

[Event "Nezhmetdinov Memorial 32nd"]
[Site "Kazan"]
[Date "2010.05.31"]
[Round "1"]
[White "Safin, Ravgat"]
[Black "Mikheev, Stanislav Valerievi"]
[Result "0-1"]
[WhiteElo "2000"]
[BlackElo "2310"]
[PlyCount "98"]
[EventDate "2010.05.31"]
[EventType "swiss"]
[EventRounds "9"]
[EventCountry "RUS"]
[SourceTitle "CBM 136 Extra"]
[Source "ChessBase"]
[SourceDate "2010.07.02"]
[SourceVersion "2"]
[SourceVersionDate "2010.07.15"]
[SourceQuality "1"]

1. d4 Nf6 2. Nf3 g6 3. Bg5 Bg7 4. Nbd2 d5 5. e3 c5 6. c3 Qb6 7. Qb3 Nc6 8. Bxf6 Bxf6 9. Be2 Be6 10. 0-0 0-0 11. Qb5 Qxb5 12. Bxb5 cxd4 13. cxd4 Rfc8 14. Nb3 a6 15. Be2 b6 16. a3 a5 17. Rfc1 Nd8 18. Bb5 Nb7 19. Bc6 Rc7 20. Rc3 Rac8 21. Rac1 Nd8 22. Bb5 Rxc3 23. Rxc3 Rxc3 24. bxc3 Nb7 25. Nfd2 Nd6 26. Bd3 Nc4 27. Nb1 Bd7 28. Kf1 e6 29. Bxc4 dxc4 30. N3d2 b5 31. Ke2 Be7 32. Kd1 Bc6 33. g3 f5 34. Kc2 Kf7 35. Kb2 a4 36. Kc2 Kf6 37. f3 Bd6 38. Kd1 h5 39. Ke2 h4 40. Kf2 e5 41. f4 exd4 42. exd4 hxg3+ 43. hxg3 g5 44. Ke3 gxf4+ 45. gxf4 Kg6 46. Nf1 Be4 47. Nfd2 Bd3 48. d5 Kh5 49. Kd4 Kg4 0-1

[Event "PriFR-ch Seniors"]
[Site "Izhevsk"]
[Date "2010.03.17"]
[Round "5"]
[White "Filipenko, Alexander V"]
[Black "Safin, Ravgat"]
[Result "1-0"]
[WhiteElo "2354"]
[BlackElo "1984"]
[PlyCount "43"]
[EventDate "2010.03.13"]
[EventType "swiss"]
[EventRounds "9"]
[EventCountry "RUS"]
[SourceTitle "EXT 2012"]
[Source "ChessBase"]
[SourceDate "2011.11.24"]
[SourceVersion "1"]
[SourceVersionDate "2011.11.24"]
[SourceQuality "1"]

1. e4 e6 2. d4 d5 3. Nc3 Nf6 4. Bg5 dxe4 5. Nxe4 Be7 6. Bxf6 Bxf6 7. Nf3 0-0 8. Bc4 b6 9. Qd3 Bb7 10. 0-0-0 a5 11. h4 Ba6 12. Nfg5 Bxg5+ 13. hxg5 Re8 14. Bxa6 Nxa6 15. Rxh7 Qd5 16. Qh3 Kf8 17. f3 Nb4 18. Rxg7 Nxa2+ 19. Kb1 Nb4 20. Rxf7+ Kxf7 21. Qh7+ Kf8 22. g6 1-0

[Event "PriFR-ch Seniors"]
[Site "Izhevsk"]
[Date "2010.03.15"]
[Round "3"]
[White "Gumerov, Renant"]
[Black "Safin, Ravgat"]
[Result "1/2-1/2"]
[WhiteElo "2207"]
[BlackElo "1984"]
[PlyCount "110"]
[EventDate "2010.03.13"]
[EventType "swiss"]
[EventRounds "9"]
[EventCountry "RUS"]
[SourceTitle "EXT 2012"]
[Source "ChessBase"]
[SourceDate "2011.11.24"]
[SourceVersion "1"]
[SourceVersionDate "2011.11.24"]
[SourceQuality "1"]

1. d4 Nf6 2. Bg5 d6 3. Bxf6 gxf6 4. c4 Bf5 5. Nc3 c6 6. e3 Qa5 7. a3 Nd7 8. b4 Qc7 9. g3 a5 10. Nge2 e6 11. Bg2 axb4 12. axb4 Rxa1 13. Qxa1 h5 14. h4 Bh6 15. c5 d5 16. b5 Ke7 17. Kd2 Qb8 18. Qa4 Qa8 19. Ra1 Qxa4 20. Rxa4 Rc8 21. Ra7 Rb8 22. f4 Kd8 23. Bf3 Bg4 24. Bxg4 hxg4 25. Nc1 Kc7 26. Nb3 cxb5 27. Na5 Bf8 28. Nxb5+ Kc8 29. Nb3 f5 30. Ke2 Nf6 31. Na5 Ne8 32. h5 Nc7 33. Nd6+ Bxd6 34. cxd6 Ne8 35. h6 Nxd6 36. Nc6 bxc6 37. h7 Rb2+ 38. Kf1 Rb1+ 39. Kg2 Rb2+ 40. Kf1 Rb1+ 41. Ke2 Rh1 42. Ra8+ Kd7 43. h8Q Rxh8 44. Rxh8 Ne4 45. Ra8 Nxg3+ 46. Kd3 Ne4 47. Ra7+ Ke8 48. Rc7 Kf8 49. Rxc6 g3 50. Ke2 Kg7 51. Kf3 Kf6 52. Rc8 Kg7 53. Ra8 Kh7 54. Ra1 Kg7 55. Rh1 Kg6 1/2-1/2

[Event "Tatarstan-ch op"]
[Site "Kazan"]
[Date "2009.08.28"]
[Round "9"]
[White "Demanov, Nikolay"]
[Black "Safin, Ravgat"]
[Result "1-0"]
[WhiteElo "2058"]
[BlackElo "1987"]
[PlyCount "75"]
[EventDate "2009.08.20"]
[EventType "swiss"]
[EventRounds "9"]
[EventCountry "RUS"]
[SourceTitle "EXT 2010"]
[Source "ChessBase"]
[SourceDate "2010.11.25"]
[SourceVersion "1"]
[SourceVersionDate "2010.11.25"]
[SourceQuality "1"]

1. e4 e6 2. d3 d5 3. Nd2 Nf6 4. Ngf3 b6 5. e5 Nfd7 6. d4 c5 7. c3 Ba6 8. Bxa6 Nxa6 9. a3 Be7 10. Nf1 0-0 11. Ng3 f6 12. Bf4 f5 13. h4 Nc7 14. b4 a5 15. bxc5 bxc5 16. a4 Rb8 17. Ne2 c4 18. Bg5 Nb6 19. Nf4 Rb7 20. Rh3 Qd7 21. Rg3 Rfb8 22. Bh6 Bf8 23. Bxg7 Bxg7 24. Nh5 Ne8 25. Nf6+ Nxf6 26. exf6 Qe8 27. Ne5 Kh8 28. fxg7+ Rxg7 29. Rxg7 Kxg7 30. Rb1 Nd7 31. Rxb8 Nxb8 32. Qb1 Kh6 33. Qc1+ Kg7 34. Qg5+ Kh8 35. h5 Qf8 36. h6 Na6 37. Nf7+ Qxf7 38. Qd8+ 1-0

[Event "Tatarstan-ch op"]
[Site "Kazan"]
[Date "2009.08.24"]
[Round "5"]
[White "Safin, Ravgat"]
[Black "Ioffe, Dmitry"]
[Result "1/2-1/2"]
[WhiteElo "1987"]
[BlackElo "2161"]
[PlyCount "126"]
[EventDate "2009.08.20"]
[EventType "swiss"]
[EventRounds "9"]
[EventCountry "RUS"]
[SourceTitle "EXT 2010"]
[Source "ChessBase"]
[SourceDate "2010.11.25"]
[SourceVersion "1"]
[SourceVersionDate "2010.11.25"]
[SourceQuality "1"]

1. c4 g6 2. Nf3 Bg7 3. g3 b6 4. Bg2 Bb7 5. 0-0 Nf6 6. Nc3 0-0 7. Qc2 c5 8. a3 Nc6 9. e3 d5 10. cxd5 Nxd5 11. Rb1 Rc8 12. b3 Ncb4 13. Qb2 Nd3 14. Qa1 e6 15. Bb2 Nxb2 16. Qxb2 Ba6 17. Rfd1 Bd3 18. Rbc1 Qf6 19. Qa1 Nxc3 20. Qxc3 Qd8 21. Ne5 Be2 22. Re1 Ba6 23. f4 Qd6 24. Rc2 Rfd8 25. Rec1 h5 26. Be4 Rc7 27. Kf2 Bb7 28. Bxb7 Rxb7 29. b4 Rc7 30. d4 Rdc8 31. bxc5 bxc5 32. Qa5 Bxe5 33. fxe5 Qb6 34. Qxb6 axb6 35. dxc5 bxc5 36. Rc4 Ra8 37. a4 Ra5 38. Ke2 Rca7 39. Ra1 Rd7 40. e4 Kf8 41. Ke3 Ke7 42. h4 Kd8 43. Kf4 Rb7 44. Rac1 Rb4 45. Kg5 Rbxa4 46. Kf6 Rxc4 47. Rxc4 Ke8 48. Rc3 Ra1 49. Rxc5 Rf1+ 50. Kg7 Ke7 51. Rc3 Rf2 52. Ra3 Rf1 53. Ra7+ Ke8 54. Ra2 Rf3 55. Rg2 Rf1 56. Kh6 Ke7 57. Rc2 Rf3 58. Rg2 Rf1 59. Kg5 Rf3 60. Rg1 Rf2 61. Ra1 Rf3 62. g4 Rg3 63. Ra7+ Ke8 1/2-1/2

[Event "Kazan-ch op 85th"]
[Site "Kazan"]
[Date "2008.12.06"]
[Round "11"]
[White "Safin, Ravgat"]
[Black "Galiev, Azat"]
[Result "0-1"]
[WhiteElo "1978"]
[BlackElo "2210"]
[PlyCount "100"]
[EventDate "2008.11.22"]
[EventType "swiss"]
[EventRounds "11"]
[EventCountry "RUS"]
[SourceTitle "EXT 2022"]
[Source "ChessBase"]
[SourceDate "2021.10.06"]
[SourceVersion "1"]
[SourceVersionDate "2021.10.06"]
[SourceQuality "1"]

1. c4 c5 2. Nf3 Nf6 3. Nc3 d5 4. cxd5 Nxd5 5. g3 Nc6 6. Bg2 Nc7 7. 0-0 e5 8. d3 Be7 9. b3 Be6 10. Bb2 0-0 11. Rc1 f6 12. Qc2 Qd7 13. Rfd1 Rac8 14. Qb1 Rfd8 15. Ne4 b6 16. e3 Bg4 17. Rd2 f5 18. Nc3 Bf6 19. Rcd1 Qe7 20. h3 Bh5 21. Ne2 Nb5 22. Nh2 Bf7 23. Qa1 Nb4 24. Nf1 Rd6 25. f4 exf4 26. Bxf6 Qxf6 27. Qxf6 Rxf6 28. a4 Nc7 29. Nc1 fxe3 30. Nxe3 Ne6 31. g4 Nd4 32. Nxf5 Nxf5 33. gxf5 Rxf5 34. d4 Bh5 35. Re1 cxd4 36. Ne2 Re5 37. Bf1 d3 38. Rc1 Rc2 39. Rcxc2 dxc2 40. Nc1 Re1 41. Nd3 Nxd3 42. Rxc2 Nc5 43. b4 Nxa4 44. Rc7 Be2 45. Rc8+ Kf7 46. Kf2 Rxf1+ 47. Kxe2 Rb1 48. Rc7+ Kg6 49. Rxa7 Rxb4 50. Kf3 Nc5 0-1

[Event "Tatarstan-ch op"]
[Site "Kazan"]
[Date "2008.08.29"]
[Round "9"]
[White "Safin, Ravgat"]
[Black "Sadykov, Renat"]
[Result "0-1"]
[WhiteElo "2007"]
[BlackElo "2100"]
[PlyCount "110"]
[EventDate "2008.08.21"]
[EventType "swiss"]
[EventRounds "9"]
[EventCountry "RUS"]
[SourceTitle "EXT 2010"]
[Source "ChessBase"]
[SourceDate "2010.11.25"]
[SourceVersion "1"]
[SourceVersionDate "2010.11.25"]
[SourceQuality "1"]

1. d4 f5 2. g3 Nf6 3. c4 d6 4. Bg2 e5 5. dxe5 dxe5 6. Qxd8+ Kxd8 7. Nf3 Nc6 8. Bd2 Be6 9. b3 Bc5 10. Ng5 Ke7 11. Nxe6 Kxe6 12. 0-0 Rad8 13. e3 e4 14. Bc3 Rd3 15. Bb2 Rhd8 16. h4 Ne5 17. Nc3 Rd2 18. Rad1 Bb4 19. Nd5 Nxd5 20. Rxd2 Bxd2 21. cxd5+ Rxd5 22. Rd1 Ng4 23. Kf1 g6 24. Ke2 Ba5 25. Rxd5 Kxd5 26. f3 Nh6 27. Kf2 Nf7 28. f4 Nh6 29. a3 Ng4+ 30. Ke2 c5 31. Bc1 b5 32. Bd2 Bb6 33. Bf1 c4 34. b4 Bd8 35. Bc3 Bb6 36. Bd2 a6 37. Bh3 c3 38. Bxc3 Nxe3 39. h5 Nc4 40. hxg6 hxg6 41. g4 Ke6 42. gxf5+ gxf5 43. a4 bxa4 44. Kd1 Bc7 45. Bd2 e3 46. Bc3 Bxf4 47. Bf1 Kd5 48. Bd3 Nd6 49. Bxa6 Be5 50. Bxe5 Kxe5 51. Bd3 f4 52. b5 a3 53. Kc2 f3 54. b6 a2 55. Kb2 e2 0-1

[Event "Kazan Region-ch 6th"]
[Site "Kazan"]
[Date "2008.01.24"]
[Round "2"]
[White "Safin, Ravgat"]
[Black "Davydov, Stepan"]
[Result "0-1"]
[WhiteElo "2041"]
[BlackElo "2195"]
[PlyCount "80"]
[EventDate "2008.01.23"]
[EventType "swiss"]
[EventRounds "9"]
[EventCountry "RUS"]
[SourceTitle "CBM 122 Extra"]
[Source "ChessBase"]
[SourceDate "2008.03.04"]
[SourceVersion "1"]
[SourceVersionDate "2008.03.04"]
[SourceQuality "1"]

1. d4 c5 2. c3 e6 3. g3 Nf6 4. Bg2 Nc6 5. Nf3 d5 6. 0-0 Be7 7. Re1 0-0 8. h3 b6 9. Nbd2 Bb7 10. Nb3 c4 11. Nbd2 b5 12. a3 a5 13. e4 dxe4 14. Nxe4 Nxe4 15. Rxe4 Nb4 16. Re5 Nd5 17. Bd2 Bd6 18. Re1 b4 19. Ne5 bxc3 20. bxc3 Qc7 21. Bf1 Nb6 22. Bg2 Bxg2 23. Kxg2 Bxe5 24. Rxe5 Qc6+ 25. Kh2 Nd5 26. Qg4 Rfb8 27. Qf3 Rb2 28. Be1 Rab8 29. h4 a4 30. h5 h6 31. Qe4 Qd6 32. Kh3 R8b3 33. f4 Rxa3 34. Rxa3 Qxa3 35. Rxe6 Nf6 36. Rxf6 gxf6 37. d5 Qc5 38. g4 Qg1 39. Bg3 Qf1+ 40. Kh4 Re2 0-1